000
00348nam a22000977a 4500
100
_a
तिवारी,प्रहलाद
_9
68699
245
_a
स्वामी रामकृष्ण परमहंस
260
_a
दिल्ली
_b
मदनलाल एंड संस
_c
2018
650
_a
जीवनी
_9
7943
942
_c
HIN
999
_c
63909
_d
63909